| 000 | 01214cam a2200193 4500 | ||
|---|---|---|---|
| 001 | ##L131148 | ||
| 008 | 051004n2005 000 0 eng u | ||
| 035 | _a(Sirsi) u131148 | ||
| 041 | 0 | _aeng | |
| 050 | 0 | 4 | _a346.410438 $2 18 |
| 110 | 1 |
_aUnited Kingdom _bOffice of Fair Trading _94767 |
|
| 245 | 0 | 0 |
_aProperty searches _ba market study |
| 260 |
_aLondon _bOFT _c2005 |
||
| 520 | _aThis new OFT study looks at how well the market for property searches is serving consumers. It identifies concerns about limits on the availability of some property information, the potential for competition concerns in the retailing of property searches in the future and the level of consumer awareness about property searches. The study recommends changes to how much property information local authorities make publicly available, removing restrictions on the retailing of property searches and information campaigns to improve public understanding of property searches. | ||
| 590 | _aIKA111005 | ||
| 690 | _aPROPERTY-PROPERTY ACQUISITION AND DISPOSAL-CONVEYANCING | ||
| 856 | 4 | 0 |
_uhttps://www.oft.gov.uk/shared_oft/reports/consumer_protection/oft810.pdf _zView the OFT study free of charge at www.oft.gov.uk... |
| 942 | _n0 | ||
| 999 |
_c104648 _d104648 |
||